Colombia First Level Subdivisions - Statistics

General Stats
  • This quiz has been taken 258 times
  • The average score is 18 of 33
Answer Stats
Departamentos % Correct
Amazonas
78%
Bolívar
71%
Antioquia
66%
Atlántico
66%
Santander
66%
Sucre
65%
Chocó
63%
Cauca
62%
Magdalena
62%
Meta
62%
Arauca
60%
Cundinamarca
60%
Putumayo
60%
Nariño
58%
Risaralda
58%
Cesar
56%
Vichada
56%
Valle del Cauca
55%
Boyacá
53%
Córdoba
52%
Quindío
52%
Vaupés
52%
La Guajira
51%
Tolima
51%
Caldas
50%
Casanare
50%
Guainía
49%
Huila
49%
Caquetá
47%
Guaviare
43%
Capital District
34%
North Santander
33%
San Andrés and Providencia
24%
No matching quizzes found
Score Distribution
Percent of People with Each Score
Percentile by Number Answered
Your Score History
You have not taken this quiz